000 00445nam a2200181Ia 4500
008 230524s9999 xx 000 0 und d
020 _a8189401337
082 _bAHU
100 _aAhuja
_942834
245 0 _aRoads Railways Bridges Tunnels Tunnels Engineering
250 _a1
260 _aNew Delhi
_bKhanna Pub
300 _a"XXXII,758p;"
500 _aQuantity Number: 1
650 _aCivil
700 _aBirdi
_942835
942 _cBK
999 _c57807
_d57807